000 00836nam a2200181Ia 4500
008 090124s9999 xx 000 0 und d
082 _b25925
100 _aपद्वाड बाळ
245 _a कुष्ठसेवक डॉ. शिवाजीराव उपाख्य दाजीसाहेब पटवर्धन
250 _a1
260 _bविजया प्रकाशन
_c1987
300 _a47
600 _aपद्वाड बाळ
630 _a कुष्ठसेवक डॉ. शिवाजीराव उपाख्य दाजीसाहेब पटवर्धन
700 _aपद्वाड बाळ
730 _a कुष्ठसेवक डॉ. शिवाजीराव उपाख्य दाजीसाहेब पटवर्धन
942 _cBOOK
999 _c94003
_d94003